Godišnik 2009

Salvato in:
Dettagli Bibliografici
Natura: Libro
Lingua:bulgaro
Pubblicazione: Varna Ikonomičeski universitet 2010
Soggetti:
Tags: Aggiungi Tag
Nessun Tag, puoi essere il primo ad aggiungerne!!

MARC

LEADER 00000nam$a2200000$$$4500
001 0124721
005 20250901081935.2
022 |a 0861-6752 
041 0 |a bul 
044 |a BG 
245 1 0 |a Godišnik 2009 
264 1 |a Varna  |b Ikonomičeski universitet  |c 2010 
300 |a 449 s. 
610 2 0 |a veda ekonomická 
610 2 0 |a makroekonomika 
610 2 0 |a matematika 
610 2 0 |a podnik 
610 2 0 |a podnik výrobný 
610 2 0 |a podnik priemyselný 
610 2 0 |a reťazce dodávateľsko-odberateľské 
610 2 0 |a obchod 
610 2 0 |a migrácia 
610 2 0 |a technológie nové 
610 2 0 |a technológie informačné 
610 2 0 |a systémy informačné 
610 2 0 |a účtovníctvo 
610 2 0 |a dane 
610 2 0 |a cash flow 
610 2 0 |a potraviny